Funcionarios pb︢licos evolucin̤ y prospectiva

Bibliographic Details
Main Author: Camargo Hernǹdez, David Francisco
Format: eBook
Language:Spanish
Published: Barcelona : Editorial vLex, 2013
Subjects:
Online Access:http://www.vlex.com/source/11052

MARC

LEADER 00000nam a22000007a 4500
005 20130426101826.0
007 cr|||| ||||
008 130426e2013 sp |||||s|||| 00||0 spa d
020 |a 84-689-5323-7 
035 |a 11052 
040 |a vLex 
090 |c 4188  |d 4188 
100 1 0 |a Camargo Hernǹdez, David Francisco 
245 1 0 |a Funcionarios pb︢licos evolucin̤ y prospectiva  |c / David Francisco Camargo Hernǹdez   |h [Recurso electrn̤ico] 
256 |a Servicio en ln̕ea 
260 |a Barcelona :  |b Editorial vLex,   |c 2013 
300 |a 1 Recurso electrn̤ico 
506 |d vLex Global  |d vLex Global (Academic Edition, excluding Law Schools)  |d vLex Global (U.S. Academic Edition, Law Schools)  |d vLex Global (U.S. Academic Edition, excluding Law Schools)  |d vLex Global (Academic Edition, Law Schools) 
650 0 4 |a Empleados pb︢licos 
650 0 4 |a Funcin̤ pb︢lica 
740 |a vLex Libros (Servicio en ln̕ea) 
856 |a Acceso restringido  |u http://www.vlex.com/source/11052 
942 |c BOOK 
999 0 |a Civil service